Kpop group with 4 members - Statistics

General Stats
  • This quiz has been taken 215 times
  • The average score is 13 of 28
Answer Stats
Hint Answer % Correct
BlackPink Jennie
99%
BlackPink Jisoo
99%
BlackPink Lisa
99%
BlackPink Rosé
99%
Mamamoo Hwasa
91%
Mamamoo Solar
89%
Mamamoo Moonbyul
82%
Mamamoo Wheein
82%
KARD B.M
65%
KARD Jiwoo
53%
KARD Somin
53%
Winner Mino
51%
KARD J.Seph
47%
Girl's Day Hyeri
36%
Girl's Day Yura
27%
Brown Eyed Girls Ga-in
25%
Girl's Day Minah
25%
Winner Jinwoo
24%
Winner Seunghoon
24%
Winner Seungyoon
24%
Girl's Day Sojin
18%
Brown Eyed Girls Jea
16%
Brown Eyed Girls Miryo
16%
Brown Eyed Girls Narsha
16%
BESTie Haeryung
11%
BESTie UJi
11%
BESTie Dahye
10%
BESTie Hyeyeon
10%
No matching quizzes found
Score Distribution
Percent of People with Each Score
Percentile by Number Answered
Your Score History
You have not taken this quiz